000 01068nac a22003131i 4500
003 EG-ScBUE
005 20260309093541.0
008 260208s1980 enka f b 001 0 eng d
020 _a0045520151
020 _a004552016X (pbk.)
040 _aEG-ScBUE
_beng
_erda
_cEG-ScBUE
_dEG-ScBUE
082 0 4 _a552.1
_bCOX
_222
100 1 _aCox, K. G.
_q(Keith Gordon),
_eauthor.
245 1 4 _aThe interpretation of igneous rocks /
_cK. G. Cox, J. D. Bell, and R. J. Pankhurst.
250 _aSecond impression.
264 1 _aLondon :
_bGeorge Allen & Unwin,
_c1980.
300 _axiii, 450 pages :
_billustrations ;
_c24 cm
336 _2rdacontent
_atext
_btxt
337 _aunmediated
_2rdamedia
_bn
338 _avolume
_bnc
_2rdacarrier
500 _aIncludes appendix.
504 _aIncludes bibliographical references and index.
650 7 _aRocks, Igneous.
_2BUEsh
655 _vReading book
700 1 _aBell, J. D.
_q(John David),
_eauthor.
700 1 _aPankhurst, R. J.
_q(Robert J.),
_eauthor.
942 _cBB
_2ddc
999 _c1745
_d1745